| 000 | 00513nam a22001817a 4500 | ||
|---|---|---|---|
| 005 | 20251108164114.0 | ||
| 008 | 250721s1987 xx 000 0 ara d | ||
| 082 | 1 | 4 | _a923.2565/شاع |
| 100 | 1 | _aالشاعر، جمال | |
| 245 | 1 | 0 |
_aسياسي يتذكر : _bتجربة في العمل السياسي / |
| 264 | 1 |
_aلندن : _bرياض الريس، _c1987. |
|
| 300 | _a363ص | ||
| 650 | 1 | 7 | _aالتراجم |
| 650 | 1 | 7 | _aالسياسيون |
| 650 | 1 | 7 | _aالأردن |
| 942 |
_2ddc _cBK |
||
| 999 |
_c3732 _d3732 |
||